[Event "DVM U20w 2013"]
[Site "Osnabrück GER"]
[Date "2013.12.27"]
[Round "2"]
[White "Neisius, Laura"]
[Black "Spangenberg, Pia"]
[Result "0-1"]
[Termination "normal"]
[Board "6.3"]
[WhiteElo "1315"]
[BlackElo "1779"]
[WhiteTeam "SC 1979 Hattersheim"]
[BlackTeam "SC Leipzig-Lindenau"]
[WhiteFideId "12910040"]
[BlackFideId "4627989"]
[EventCountry "GER"]
[EventRounds "7"]
[EventType "team-swiss"]
[EventDate "2013.12.26"]

1. e4 d5 2. exd5 Nf6 3. d4 Nxd5 4. Bc4 Nb6 5. Bb3 e6 6. Nc3 Nc6 7. Nf3 Bd7 8.
Be3 Bb4 9. Bd2 Ne7 10. O-O O-O 11. a3 Bd6 12. Ne2 c5 13. Bc3 Nbd5 14. Bd2 Rc8
15. c3 Bc6 16. Ng5 cxd4 17. Nxd4 h6 18. Nh3 Bd7 19. f4 Bc5 20. Nf2 Bxd4 21.
cxd4 Nf5 22. Re1 Nxd4 23. Bxd5 exd5 24. Be3 Nc2 25. Qxd5 Nxe1 26. Rxe1 b6 27.
Qh5 Re8 28. Nd3 Be6 29. Ne5 Qd5 30. Qh4 Rc2 31. Nf3 Bf5 32. Qg3 Rxb2 33. Bd4
Rxe1+ 34. Qxe1 Rb1 0-1

[Event "DVM U20w 2013"]
[Site "Osnabrück GER"]
[Date "2013.12.27"]
[Round "2"]
[White "Klotz, Diana"]
[Black "Goldhausen, Nina"]
[Result "0-1"]
[Termination "normal"]
[Board "6.4"]
[WhiteElo "1000"]
[BlackElo "1078"]
[WhiteTeam "SC Leipzig-Lindenau"]
[BlackTeam "SC 1979 Hattersheim"]
[WhiteFideId "12983187"]
[BlackFideId "12927309"]
[EventCountry "GER"]
[EventRounds "7"]
[EventType "team-swiss"]
[EventDate "2013.12.26"]

1. Nf3 d5 2. e3 Nf6 3. Bd3 Bg4 4. Nc3 e5 5. a4 e4 6. Nxe4 dxe4 7. Bxe4 Nxe4 8.
d3 Nf6 9. Bd2 Nc6 10. a5 Bb4 11. c3 Bxa5 12. h3 Bh5 13. O-O Bb6 14. d4 Ne7 15.
Qb3 Bxf3 16. gxf3 a6 17. Ra4 Qd5 18. Qxd5 Nfxd5 19. e4 Nf6 20. Kh1 Nd7 21. d5
c6 22. dxc6 Nxc6 23. Bf4 Nce5 24. Kg2 g5 25. Bg3 h5 26. h4 gxh4 27. Bxh4 Rg8+
28. Kh3 Nxf3 29. b4 Nxh4 30. Kxh4 O-O-O 31. Kxh5 Rg2 32. Rxa6 Rh8# 0-1